00443nam a2200181Ia 4500003000400000005001700004008004100021020001800062040000700080041000800087082002000095100003500115245003000150250000600180260004500186300001600231365001400247OSt20230509105959.0210423s2009 xx 000 0 und d a9780132051576 cAL aeng a573.21 SUDP223 aSUDBERY (Peter);SUDBERY (Ian). aHuman molecular genetics. a3 aEnglandbPearson Benjamin Cummingsc2009 axiv,445bPB b2609cINR